Personnages sur les couvertures One Piece pour expert (2) - Statistiques

Statistiques générales
  • Ce quiz a été pris 108 fois
    98 depuis la dernière actualisation
  • Le résultat moyen est 29 sur 30
Statistiques - réponses
Par images Réponse % Correct
Emperio Ivankov | Inazuma | Crocodile | Das Bones
100%
Portgas D. Ace | Shanks | Edward Newgate | Marshall D. Teach
100%
Trafalgar D. Water Law | Don Quijote Doflamingo | Riku Dold III | César Clown | Momonosuké Kozuki
100%
Borsalino | Sakazuki | Kuzan | Monkey D. Garp | Sengoku
99%
Gecko Moria | Hogback | Absalom | Perona | Laura | Kumashi | Victoria Cindry
99%
Makino | Curly Dadan | Sabo | Portgas D. Ace | Monkey D. Dragon | Silver
99%
Trafalgar D. Water Law | Smoker | César Clown
99%
Magellan | Hannyabal | Sadi | Saldeath
97%
Shirahoshi | Tashigi | Smoker | Pekoms | Delœuf
97%
Boa Hancock | Boa Sandersonia | Boa Marigold | Salomé | Bacura
96%
Capone Bege | Jewelry Bonney | Basil Hawkins | Eustass Kidd | Scratchmen Apoo | Urouge | Killer | X Drake | Trafalgar D. Water Law
96%
Charlotte Laura | Gecko Moria | Bartholomew Kuma | Nightmare Luffy
96%
Chinjao | Rebecca | Kyros | Kabu | Léo | Wicca | Flapper | Bomba | Montblanc Norland
96%
Kyros | Elizabello II | Bartolomeo | Sai | Cavendish | Bellamy | Boo | Rebecca | Jesus Burgess | Chinjao | Dagama | Suleiman | Kinémon
96%
Portgas D. Ace | Bentham | Galdino | Baggy | Minorhinocéros | Minokoala | Minozèbre
96%
Rob Lucci
96%
Trafalgar D. Water Law | Smoker | Tashigi | Momonosuké Kozuki | Mocha
96%
Edward Newgate | Marco | Joz | Vista | Blamenco | Rakuyo | Blenheim | Curiel | Kingdew | Namur | Haruta | Atmos | Speed Jiru | Fossa | Izo
95%
Portgas D. Ace | Marshall D. Teach | Shanks | Edward Newgate | Monkey D. Garp | Kobby | Hermep
95%
Rob Lucci | Hattori | Kaku | Jabura | Kalifa | Kumadori | Fukuro | Spandam | Funkfreed
95%
Trafalgar D. Water Law | Don Quijote Doflamingo | Buffalo | Baby 5 | Basil Hawkins | Eustass Kidd | Scratchmen Apoo
95%
Oz
93%
Tashigi | Kinémon | Monet | César Clown | Smoker
93%
Blueno | Baskerville | Oimo | Kashi
92%
Megalo | Shirahoshi | Fisher Tiger | Otohime
92%
Silvers Rayleigh
92%
Surimi | Neptune | Megalo | Keimi | Pappag | Ishilly | Hiramera | Mero
91%
Viola | Kyros | Sugar | Trébol | Señor Pink | Pica
89%
Nico Olvia | Sniperking | Jaguar D. Sauro
88%
Hody Jones | Fukaboshi | Vander Decken IX | Wadatsumi | Dosun | Zeo | Daruma | Ikaros Much | Hyouzou
85%
Aucun quiz correspondant
Distribution des résultats
% des personnes avec chaque résultat
Percentile par nombre de réponses
Votre historique - résultats
Vous n’avez pas pris ce quiz depuis la dernière actualisation